| Tag |
First Indicator |
Second Indicator |
Subfields |
| LEADER |
00000cam a2200000 4500 |
| 001 |
in00000709321 |
| 005 |
20151016064428.0 |
| 008 |
751230s1916 nyuacf b 00010beng |
| 010 |
|
|
|a 16020121
|
| 035 |
|
|
|a (OCoLC)01905523
|
| 035 |
|
|
|9 ADD9019AM
|
| 040 |
|
|
|a DLC
|c FQG
|d TXA
|d UtOrBLW
|
| 049 |
|
|
|a TXAM
|c [6566]
|
| 050 |
|
0 |
|a DG260.C5
|b T3
|
| 092 |
|
|
|a 937
|b T24
|
| 100 |
1 |
|
|a Taylor, Hannis,
|d 1851-1922.
|
| 245 |
1 |
0 |
|a Cicero :
|b a sketch of his life and works /
|c a commentary on the Roman constitution and Roman public life, supplemented by the sayings of Cicero arranged for the first time as an anthology, by Hannis Taylor.
|
| 264 |
|
1 |
|a Chicago :
|b A.C. McClurg & co.,
|c 1916.
|
| 300 |
|
|
|a xlv, 615 pages :
|b frontispiece, illustrations, plates, portraits ;
|c 23 cm
|
| 336 |
|
|
|a text
|b txt
|2 rdacontent
|
| 337 |
|
|
|a unmediated
|b n
|2 rdamedia
|
| 338 |
|
|
|a volume
|b nc
|2 rdacarrier
|
| 500 |
|
|
|a The sayings of Cicero collected and arranged ... by Hannis Taylor and Mary Lillie Taylor Hunt: pages [457]-603.
|
| 504 |
|
|
|a Bibliography: pages xxxvii-xliv.
|
| 600 |
1 |
0 |
|a Cicero, Marcus Tullius.
|
| 651 |
|
0 |
|a Rome
|x Constitutional history.
|
| 700 |
1 |
|
|a Hunt, Mary Lillie Taylor.
|
| 999 |
|
|
|a MARS
|
| 999 |
f |
f |
|s 8ca95984-84d0-3951-b1c4-afda00d5c252
|i 3edd9ccd-2733-3ada-be00-48a1a19671d6
|t 0
|
| 952 |
f |
f |
|p normal
|a Texas A&M University
|b College Station
|c Sterling C. Evans Library
|d Evans: Library Stacks
|t 0
|e DG260.C5 T3
|h Library of Congress classification
|i unmediated -- volume
|m A14801455344
|
| 998 |
f |
f |
|a DG260.C5 T3
|t 0
|l Evans: Library Stacks
|